000
00311nam a2200133Ia 4500
008
240624s9999 xx 000 0 und d
041
_a
eng
082
_a
823 BOY
100
_a
BOYD WILLIAM
245
_a
WAITING FOR SUNRISE
260
_c
2012
_a
london
_b
Bloomsbury
300
_a
353p. ; 23cm.
365
_c
RS
_b
25
999
_c
20027
_d
20027